All 400 goal scorers in NHL history - Statistics

General Stats
  • This quiz has been taken 33 times
  • The average score is 65 of 110
Answer Stats
Teams Goals Answer % Correct
WSH 897* Alex Ovechkin
100%
CHI, HFD, WIN 610 Bobby Hull
100%
CGY, STL, DAL, DET, PHX 741 Brett Hull
100%
DET, HFD 801 Gordie Howe
100%
MTL 544 Maurice Richard
100%
PIT 625* Sidney Crosby
100%
EDM, LAK, STL, NYR 894 Wayne Gretzky
100%
EDM, NYR, VAN 694 Mark Messier
95%
CHI, NYR, DET 492* Patrick Kane
95%
MTL, NYR, QUE 560 Guy Lafleur
89%
PIT, WSH, NYR, PHI, DAL, BOS, NJD, FLA, CGY 766 Jaromir Jagr
89%
PIT 690 Mario Lemieux
89%
CHI, BOS, NYR 717 Phil Esposito
89%
TBL, NSH 582* Steven Stamkos
89%
CGY, PIT, BOS, COL, LAK 625 Jarome Iginla
84%
LAK, PIT, NYR, DET 668 Luc Robitaille
84%
DET, LAK, NYR 731 Marcel Dionne
84%
NYI 573 Mike Bossy
84%
DET 692 Steve Yzerman
84%
WIN, ANA, SJS, COL 684 Teemu Selanne
84%
PIT 514* Evgeni Malkin
79%
QUE, COL 625 Joe Sakic
79%
CHI 541 Stan Mikita
79%
BOS, FLA 424* Brad Marchand
74%
OTT, DET 444 Daniel Alfredsson
74%
EDM, LAK, NYR, ANA, COL 601 Jari Kurri
74%
CGY, DAL, NJD, TOR, FLA 564 Joe Nieuwendyk
74%
BOS, SJS, TOR, FLA 430 Joe Thornton
74%
WIN, PHX, STL, ATL 538 Keith Tkachuk
74%
QUE, TOR, VAN 564 Mats Sundin
74%
WSH, MNS, NYR, TOR, PHX 708 Mike Gartner
74%
MNS, DAL, DET 561 Mike Modano
74%
SJS, TOR, PIT 566 Patrick Marleau
74%
QUE, NJD, STL 450 Peter Stastny
74%
BOS, COL 410 Ray Bourque
74%
LAK 440* Anze Kopitar
68%
TOR 401* Auston Matthews
68%
NJD, STL, HFD, DET, NYR 656 Brendan Shanahan
68%
BUF, TOR, NJD, COL, BOS, TBL 640 Dave Andreychuk
68%
MNS, WSH, DET, TBL, FLA 608 Dino Ciccarelli
68%
EDM, TOR, NYR, STL 498 Glenn Anderson
68%
OTT, ATL, PIT, DET, CHI 525 Marian Hossa
68%
PIT, PHI, MTL, CAR, ATL, TBL, BOS 577 Mark Recchi
68%
NYI, BUF, NYR 468 Pat Lafontaine
68%
VAN, FLA, NYR 437 Pavel Bure
68%
NYI, PIT 524 Bryan Trottier
63%
ANA, DAL, MTL, TBL, EDM, CHI 448* Corey Perry
63%
ATL, NJD, LAK, WSH, MTL 443 Ilya Kovalchuk
63%
MTL, PHI, PIT 406 John LeClair
63%
NYI, TOR 494* John Tavares
63%
NJD 408 Patrik Elias
63%
MTL 507 Jean Beliveau
58%
CHI, PHX, PHI, LAK, SJS 513 Jeremy Roenick
58%
WSH, OTT, ATL, CHI 503 Peter Bondra
58%
STL, PHI, CAR 452 Rod Brind'Amour
58%
HFD, PIT, CAR, TOR 549 Ron Francis
58%
WIN, PHX, ARI 402 Shane Doan
58%
TBL, PHI, LAK 421 Vincent Lecavalier
58%
WIN, BUF, STL, PHI 518 Dale Hawerchuk
53%
BUF 512 Gilbert Perreault
53%
STL, CGY, PIT, BOS 502 Joe Mullen
53%
DET, BOS 556 Johnny Bucyk
53%
QUE, CHI 548 Michel Goulet
53%
BOS 427 Patrice Bergeron
53%
ANA, COL, NSH, STL 402 Paul Kariya
53%
CBJ, NYR, BOS 437 Rick Nash
53%
TOR, EDM, MTL, SJS 432 Vincent Damphousse
53%
BUF, VAN, NJD, TOR 473 Alexander Mogilny
47%
TOR, PHI, DET 484 Darryl Sittler
47%
CHI, MTL, TBL 473 Denis Savard
47%
STL, CGY, TOR, NJD, CHI, BUF, MTL 450 Doug Gilmour
47%
PHI, CBJ, LAK, PIT 442 Jeff Carter
47%
SJS, DAL 476 Joe Pavelski
47%
TOR, CLR, CGY 500 Lanny Mcdonald
47%
MIN, NYR, CBJ, LAK, OTT 407 Marian Gaborik
47%
BUF, NYI, MTL, STL, DAL, COL 515 Pierre Turgeon
47%
DET, ANA, CBJ, WSH 483 Sergei Federov
47%
CGY, COL, NYR, CHI 455 Theo Fleury
47%
MNS, MTL, TBL, ANA, WSH 485 Brian Bellows
42%
PHI, BOS, MNS, HFD 425 Brian Propp
42%
CAR, NYR, MIN, MTL, BUF, FLA 455 Eric Staal
42%
CGY, CAR, TOR, FLA, PIT, TBL 438 Gary Roberts
42%
NYR, BOS 491 Jean Ratelle
42%
QUE, SJS, COL, TOR, PHX, CGY, MNS 422 Owen Nolan
42%
BOS, TOR, PIT, ARI, VGK 413 Phil Kessel
42%
CHI, NYR 441 Steve Larmer
42%
MTL, LAK 424 Steve Shutt
42%
DET 456 Alex Delvecchio
37%
LAK, NYR, EDM, NJD, CHI, SJS 475 Bernie Nicholls
37%
PHI 420 Bill Barber
37%
DET, TOR 490 Norm Ullman
37%
NJD, HFD, NYR, DAL, DET 522 Pat Verbeek
37%
PHI, PIT, LAK, BOS, WSH, PHX 440 Rich Tocchet
37%
NYR 406 Rod Gilbert
37%
NYR, PIT, MTL, OTT, FLA 430 Alex Kovalev
32%
NJD, EDM, BOS, DAL, SJS, STL, NYI, PIT 429 Bill Guerin
32%
LAK 431 Dave Taylor
32%
TOR, DET, MTL 533 Frank Mahovlich
32%
EDM, NJD, DAL, NSH, WSH, STL 417 Jason Arnott
32%
TOR, CHI, NYI, NJD, ANA, DET 421 Steve Thomas
32%
MTL 428 Yvan Cournoyer
32%
MTL, NJD, TBL, STL, PIT 421 Stephane Richer
26%
NYR, CHI, PHX, PHI, CGY 416 Tony Amonte
26%
NJD, MIN, NYI, COL 434 Zach Parise
26%
HFD, NYI, LAK, NYR, ATL, STL 408 Ray Ferraro
21%
NYR, BOS 448 Rick Middleton
21%
NJD, SJS, NYR, DAL 413 John MacLean
16%
VAN, TOR, CHI, BUF 441 Rick Vaive
16%
DET, TOR, STL, AFM, LAK, EDM 413 Garry Unger
11%
DET. QUE, NYR 402 John Ogrodnick
5%
No matching quizzes found
Score Distribution
Percent of People with Each Score
Percentile by Number Answered
Your Score History
You have not taken this quiz